[Event "ICS rated blitz match"]
[Site "204.178.125.65"]
[Date "2001.08.06"]
[Round "?"]
[White "quanta"]
[Black "Hossa"]
[Result "0-1"]
[WhiteElo "2240"]
[BlackElo "2317"]
[PlyCount "98"]
[EventDate "2001.??.??"]

1. d4 Nf6 2. e3 d5 3. Bd3 c5 4. c3 Nc6 5. dxc5 e5 6. b4 Be7 7. Bb5 O-O 8. Bxc6
bxc6 9. Nf3 Qc7 10. O-O Bg4 11. h3 Bh5 12. Nbd2 e4 13. g4 Nxg4 14. hxg4 Bxg4
15. Kg2 Bf6 16. Qc2 Bxf3+ 17. Nxf3 exf3+ 18. Kxf3 Qh2 19. Bb2 Qh5+ 20. Kg2 Qg4+
21. Kh2 Bd8 22. f4 Re8 23. Rae1 Qh5+ 24. Kg2 Re6 25. Rf2 Rg6+ 26. Kf1 Qh3+ 27.
Ke2 Bh4 28. Ref1 Bxf2 29. Rxf2 Re8 30. Qd3 Rg2 31. Bc1 Qh5+ 32. Kf1 Qh1+ 33.
Ke2 Rg1 34. Bd2 Qh5+ 35. Rf3 Rg2+ 36. Kd1 Qxf3+ 37. Kc2 Rxe3 38. Qd4 Rxd2+ 39.
Qxd2 Re2 40. Qxe2 Qxe2+ 41. Kb3 Qd1+ 42. Ka3 Qc1+ 43. Kb3 Qb1+ 44. Ka3 g6 45.
c4 dxc4 46. f5 gxf5 47. b5 cxb5 48. c6 a5 49. c7 Qb4# {quanta checkmated} 0-1

[Event "ICS rated blitz match"]
[Site "204.178.125.65"]
[Date "2001.08.06"]
[Round "?"]
[White "Hossa"]
[Black "ChesterX"]
[Result "1/2-1/2"]
[WhiteElo "2330"]
[BlackElo "2750"]
[PlyCount "101"]
[EventDate "2001.??.??"]

1. e4 c5 2. g3 d5 3. exd5 Qxd5 4. Nf3 Bg4 5. Bg2 Qe6+ 6. Kf1 Nc6 7. h3 Bh5 8.
d3 Qd7 9. Nc3 Nf6 10. Kg1 O-O-O 11. Be3 e5 12. Rh2 Bd6 13. a4 Kb8 14. Kh1 Nd4
15. Nb5 Nxb5 16. axb5 Qxb5 17. Qb1 e4 18. dxe4 Nxe4 19. Qa2 Qb6 20. Qa4 Rhe8
21. Nd2 Nxd2 22. Bxd2 Bc7 23. Bc3 Re2 24. Be4 f5 25. Bd3 Bf3+ 26. Kg1 Re7 27.
Bxf5 c4 28. Bg4 Bxg3 29. Bxf3 Bxh2+ 30. Kxh2 Qxf2+ 31. Bg2 Re2 32. Rg1 a6 33.
Qb4 Rd7 34. Be1 Qf5 35. Bg3+ Ka7 36. c3 Qd5 37. Qf8 Rf7 38. Bb8+ Ka8 39. Qh8
Qf5 40. Bd6+ Ka7 41. Qd8 a5 42. Bc7 Rxc7 43. Qxc7 Rxb2 44. Ra1 Rxg2+ 45. Kxg2
Qc2+ 46. Kg1 Qg6+ 47. Kh2 Qc2+ 48. Kg1 Qg6+ 49. Kh2 Qc2+ 50. Kg1 Qg6+ 51. Kh2 {
Game drawn by repetition} 1/2-1/2

[Event "ICS rated blitz match"]
[Site "204.178.125.65"]
[Date "2001.08.06"]
[Round "?"]
[White "Tinker"]
[Black "Hossa"]
[Result "0-1"]
[WhiteElo "2421"]
[BlackElo "2343"]
[PlyCount "108"]
[EventDate "2001.??.??"]

1. e4 c5 2. Nf3 Nc6 3. d4 Qa5+ 4. c3 cxd4 5. b4 Qc7 6. b5 Na5 7. cxd4 d5 8.
exd5 Nf6 9. Ne5 Nxd5 10. Bd2 e6 11. Qg4 g6 12. Bd3 Bg7 13. Qe4 f5 14. Qe2 Qb6
15. Be3 f4 16. Bc1 Qxd4 17. Bb2 Qb4+ 18. Qd2 f3 19. gxf3 Qxd2+ 20. Nxd2 O-O 21.
Be4 a6 22. bxa6 Rxa6 23. O-O Nf4 24. Rfb1 Rd8 25. Ndc4 Nh3+ 26. Kg2 Nxc4 27.
Nxc4 Nf4+ 28. Kf1 Ra7 29. Bxg7 Kxg7 30. a4 Rd4 31. Nb6 Bd7 32. Rc1 Bxa4 33.
Nxa4 Rdxa4 34. Rxa4 Rxa4 35. Rc7+ Kf6 36. Rxb7 h6 37. Bc2 Ra3 38. Rb3 Ra2 39.
Rb4 g5 40. Bb1 Ra3 41. Be4 h5 42. Rb8 Ra2 43. Ke1 Nh3 44. Rh8 h4 45. Rc8 Ra1+
46. Kd2 Rf1 47. Rc2 Nf4 48. Kc3 Rh1 49. Kc4 Rxh2 50. Rd2 Rh1 51. Bd3 Rc1+ 52.
Bc2 h3 53. Rd8 Rxc2+ 54. Kb5 Rxf2 {Tinker resigns} 0-1

[Event "ICS rated blitz match"]
[Site "204.178.125.65"]
[Date "2001.08.06"]
[Round "?"]
[White "ChesterX"]
[Black "Hossa"]
[Result "1-0"]
[WhiteElo "2737"]
[BlackElo "2363"]
[PlyCount "102"]
[EventDate "2001.??.??"]

1. d4 Nf6 2. c4 e6 3. g3 d5 4. Nf3 dxc4 5. Bg2 Nc6 6. Qa4 Bb4+ 7. Bd2 Nd5 8.
Bxb4 Ndxb4 9. a3 b5 10. Qxb5 Nc2+ 11. Kd2 Nxa1 12. Qxc6+ Bd7 13. Qxc4 c5 14.
Qa2 Qa5+ 15. b4 cxb4 16. Qxa1 Rc8 17. Ke3 bxa3 18. Qa2 f6 19. Rd1 Qh5 20. Nh4
Qh6+ 21. f4 g5 22. Nf3 gxf4+ 23. Kf2 fxg3+ 24. hxg3 Rc1 25. Rd3 Rg8 26. Nxa3
Qg7 27. Nd2 a6 28. Nac4 Bb5 29. Nd6+ Kd8 30. Nxb5 axb5 31. Qxe6 Re8 32. Qb6+
Qc7 33. Qxf6+ Qe7 34. Qb6+ Qc7 35. Qxb5 h6 36. e4 Rf8+ 37. Rf3 Rxf3+ 38. Bxf3
Rc2 39. Qb4 Qd7 40. e5 Qe6 41. Kg2 Ra2 42. Qf8+ Kc7 43. Qf4 Ra4 44. Kh2 Rb4 45.
Bg2 Ra4 46. Ne4 Ra2 47. Nc3 Rc2 48. d5 Qg6 49. d6+ Kd8 50. Qf8+ Qe8 51. Qf6+
Kd7 {Hossa resigns} 1-0

[Event "ICS rated blitz match"]
[Site "204.178.125.65"]
[Date "2001.08.06"]
[Round "?"]
[White "Kob"]
[Black "Hossa"]
[Result "1-0"]
[WhiteElo "2107"]
[BlackElo "2379"]
[PlyCount "58"]
[EventDate "2001.??.??"]

1. e4 c5 2. Nf3 Nc6 3. d4 Qa5+ 4. Bd2 Qb6 5. dxc5 Qxc5 6. Nc3 Nf6 7. Bd3 Nb4 8.
O-O Nxd3 9. cxd3 d6 10. d4 Qh5 11. e5 dxe5 12. dxe5 Nd7 13. Nd5 Kd8 14. Qc2 Nb6
15. Ba5 Bd7 16. Qc7+ Ke8 17. Bxb6 Bc6 18. Rfd1 f6 19. Be3 Kf7 20. e6+ Kg8 21.
Nxe7+ Bxe7 22. Qxe7 Qe8 23. Qxe8+ Rxe8 24. Nd4 Bd5 25. Rac1 Bxe6 26. Nxe6 Kf7
27. Nf4 Re7 28. Bxa7 Ra8 29. Bc5 Rc7 {Hossa resigns} 1-0

[Event "ICS rated blitz match"]
[Site "204.178.125.65"]
[Date "2001.08.06"]
[Round "?"]
[White "Braghini"]
[Black "Hossa"]
[Result "0-1"]
[WhiteElo "2109"]
[BlackElo "2360"]
[PlyCount "108"]
[EventDate "2001.??.??"]

1. e4 c5 2. Nc3 Nc6 3. f4 e6 4. Nf3 a6 5. a4 d5 6. d3 dxe4 7. dxe4 Qxd1+ 8.
Nxd1 Nf6 9. Bd3 Nb4 10. O-O c4 11. Bxc4 Bc5+ 12. Be3 Nxc2 13. Bxc5 Nxa1 14. Ne3
b5 15. Ba2 Nxe4 16. Ba3 b4 17. Bxb4 Rb8 18. Ba3 Nb3 19. Ne5 Bd7 20. Nxd7 Kxd7
21. Rd1+ Kc7 22. Nc4 Rhd8 23. Rxd8 Kxd8 24. Nd6 Nxd6 25. Bxd6 Rb7 26. Be5 f6
27. Bc3 Ke7 28. a5 g6 29. Kf2 Nxa5 30. Bb1 Nc4 31. Bd3 Nxb2 32. Bxa6 Nd1+ 33.
Ke1 Rb6 34. Kxd1 Rxa6 35. Bd2 e5 36. fxe5 fxe5 37. Ke2 Kd6 38. Kd3 Kd5 39. g3
e4+ 40. Ke2 Ra2 41. Ke3 Ra3+ 42. Ke2 Kd4 43. Bf4 Ra2+ 44. Ke1 Rxh2 45. Bc7 Kd3
46. Bb6 e3 47. Kf1 e2+ 48. Kg1 e1=Q+ 49. Kxh2 Qe2+ 50. Kh3 Qe6+ 51. Kg2 Qxb6
52. Kh3 Qf2 53. Kg4 Qf5+ 54. Kh4 Qh5# {Braghini checkmated} 0-1

[Event "ICS rated blitz match"]
[Site "204.178.125.65"]
[Date "2001.08.06"]
[Round "?"]
[White "Hossa"]
[Black "Tinker"]
[Result "1/2-1/2"]
[WhiteElo "2366"]
[BlackElo "2360"]
[PlyCount "143"]
[EventDate "2001.??.??"]

1. d4 Nf6 2. Nf3 e6 3. c4 d5 4. Nc3 Be7 5. Bf4 O-O 6. e3 c5 7. dxc5 Bxc5 8.
cxd5 Nxd5 9. Nxd5 exd5 10. a3 Nc6 11. Bd3 Bb6 12. Qc2 f5 13. O-O Qf6 14. Bb5
Bd7 15. Qd1 Be6 16. Ng5 Bf7 17. Nxf7 Qxf7 18. Qf3 Rfe8 19. Rac1 Rac8 20. Rfd1
Red8 21. Ba4 Kh8 22. Bb3 Qf6 23. Bxd5 Qxb2 24. Ra1 Qf6 25. Rab1 Rd7 26. Rdc1 g5
27. Bxc6 bxc6 28. Bg3 g4 29. Qe2 Re7 30. Qc4 c5 31. Rd1 Rc6 32. Rd5 Qf7 33.
Rbd1 Re8 34. Qc2 Qg6 35. Rxf5 Rf6 36. Rdd5 Rxf5 37. Rxf5 Qg7 38. Qc1 Re6 39.
Bf4 Kg8 40. a4 a5 41. Rd5 h6 42. Qd1 Qg6 43. Rd7 Kh8 44. Qa1+ Kg8 45. Qa2 Kh8
46. Rb7 Bd8 47. Qd5 Qf6 48. Rb1 Bb6 49. Qd7 Qg6 50. Rb2 Rc6 51. Be5+ Kg8 52.
Qb7 h5 53. Bc3 Rd6 54. Be1 h4 55. Qe7 h3 56. g3 Re6 57. Qb7 Rc6 58. Qb8+ Kh7
59. Bc3 Qe4 60. Qh8+ Kg6 61. Qg7+ Kh5 62. Kf1 Qh1+ 63. Ke2 Qf3+ 64. Ke1 Bc7 65.
Qh7+ Kg5 66. Rb7 Qh1+ 67. Ke2 Qf3+ 68. Kf1 Qh1+ 69. Ke2 Qf3+ 70. Kf1 Qh1+ 71.
Ke2 Qf3+ 72. Kf1 {Game drawn by repetition} 1/2-1/2

[Event "ICS Rated blitz match"]
[Site "204.178.125.65"]
[Date "2001.08.06"]
[Round "?"]
[White "fozzy"]
[Black "Hossa"]
[Result "0-1"]
[WhiteElo "2079"]
[BlackElo "2366"]
[PlyCount "102"]
[EventDate "2001.??.??"]

1. d4 Nf6 2. Nc3 g6 3. e4 d6 4. Bc4 Nxe4 5. Nxe4 d5 6. Nf6+ exf6 7. Bb3 Be6 8.
Ne2 Bg7 9. O-O O-O 10. Re1 Re8 11. Nf4 c6 12. Qf3 Bg4 13. Qc3 Rxe1+ 14. Qxe1 a5
15. a4 b6 16. Bd2 Ra7 17. f3 Re7 18. Qg3 Bd7 19. Re1 Rxe1+ 20. Qxe1 Bc8 21. c3
Ba6 22. Bc2 f5 23. Nh3 h6 24. Bf4 c5 25. dxc5 bxc5 26. Be5 Bxe5 27. Qxe5 Nc6
28. Qe3 Qe7 29. Kf2 Qxe3+ 30. Kxe3 d4+ 31. cxd4 cxd4+ 32. Kd2 Ne5 33. Nf4 Nc4+
34. Kc1 Ne3 35. Bd3 Nxg2 36. Bxa6 Nxf4 37. Kd2 Kg7 38. Bf1 Kf6 39. b4 axb4 40.
a5 Nd5 41. Kd3 Ke5 42. Kc4 Ne3+ 43. Kb5 Nxf1 44. a6 b3 45. a7 b2 46. a8=Q b1=Q+
47. Kc5 d3 48. Qe8+ Kf4 49. Qxf7 Qc2+ 50. Kd4 d2 51. Qxg6 d1=Q# {
fozzy checkmated} 0-1

[Event "ICS Rated blitz match"]
[Site "204.178.125.65"]
[Date "2001.08.06"]
[Round "?"]
[White "Hossa"]
[Black "Shredster"]
[Result "0-1"]
[WhiteElo "2371"]
[BlackElo "2460"]
[PlyCount "109"]
[EventDate "2001.??.??"]

1. d4 Nf6 2. c4 e6 3. Nc3 Bb4 4. Qc2 O-O 5. a3 Bxc3+ 6. Qxc3 b6 7. e3 Bb7 8. b3
d5 9. Nf3 Nbd7 10. Be2 dxc4 11. bxc4 c5 12. O-O Rc8 13. Bb2 cxd4 14. exd4 b5
15. c5 a6 16. a4 Nd5 17. Qd2 b4 18. a5 e5 19. Bc4 Nc3 20. Bxc3 bxc3 21. Qxc3
exd4 22. Nxd4 Nxc5 23. Rad1 Qg5 24. Qg3 Qf6 25. Qg4 Ne4 26. Bb3 Nc3 27. Rd3 Rc5
28. h4 h5 29. Qh3 Nd5 30. Bxd5 Bxd5 31. Ra1 Be4 32. Rd2 Rd8 33. Qe3 Re5 34. f4
Ree8 35. Qf2 Rd5 36. Ra4 Qg6 37. Re2 Rb8 38. Kh2 Rb1 39. Re3 Rd1 40. Nf3 Bxf3
41. Re8+ Kh7 42. Qxf3 R1d3 43. Re3 Rxe3 44. Qxe3 Qc2 45. Qe8 Rb5 46. Ra3 Rf5
47. Kg3 Rf6 48. Qa8 Qg6+ 49. Kh2 Rxf4 50. g3 Qc2+ 51. Qg2 Rf2 52. Qxf2 Qxf2+
53. Kh3 f5 54. Rc3 Qf1+ 55. Kh2 {Hossa resigns} 0-1

[Event "ICS rated blitz match"]
[Site "204.178.125.65"]
[Date "2001.08.06"]
[Round "?"]
[White "Hossa"]
[Black "muff"]
[Result "1-0"]
[WhiteElo "2359"]
[BlackElo "2332"]
[PlyCount "93"]
[EventDate "2001.??.??"]

1. e4 e6 2. Qe2 d5 3. exd5 Qxd5 4. Nc3 Qa5 5. Nf3 Nf6 6. Qb5+ Qxb5 7. Nxb5 Bd6
8. d4 a6 9. Nxd6+ cxd6 10. Bf4 Ke7 11. Bd3 Nc6 12. c3 Rd8 13. O-O-O b5 14. Bg5
Na5 15. Nd2 Bb7 16. f3 h6 17. Bh4 Rac8 18. Rde1 Bd5 19. Kb1 Nc4 20. Nb3 a5 21.
Re2 a4 22. Na1 Kf8 23. Nc2 Rd7 24. Bxf6 gxf6 25. Nb4 Bb7 26. b3 axb3 27. axb3
Na5 28. Kb2 Bc6 29. d5 Ba8 30. Bxb5 Rdc7 31. dxe6 fxe6 32. Ra1 Nb7 33. Rxe6 Kg7
34. Nd5 Rf7 35. Re8 Rf8 36. Rxf8 Rxf8 37. Nb6 Nc5 38. Rxa8 Rd8 39. Rxd8 Kg6 40.
Rxd6 Kf5 41. Rd5+ Ke6 42. Rxc5 f5 43. Bd7+ Ke7 44. Rc6 f4 45. Nd5+ Kd8 46. Be6
Ke8 47. Rc8# {muff checkmated} 1-0

[Event "ICS rated blitz match"]
[Site "204.178.125.65"]
[Date "2001.08.06"]
[Round "?"]
[White "muff"]
[Black "Hossa"]
[Result "0-1"]
[WhiteElo "2317"]
[BlackElo "2374"]
[PlyCount "74"]
[EventDate "2001.??.??"]

1. d4 Nf6 2. c4 e6 3. g3 d5 4. Bg2 Be7 5. Nf3 O-O 6. O-O dxc4 7. Qc2 a6 8. a4
Nc6 9. Qxc4 Na5 10. Qc2 Re8 11. Nc3 Nc6 12. Rd1 Rf8 13. Bf4 Nd5 14. Bd2 Ndb4
15. Qb3 Na5 16. Qa3 Nc2 17. Qa2 Nxa1 18. Rxa1 Kh8 19. e4 f5 20. Ne5 Qxd4 21.
Bf4 Bc5 22. Rf1 fxe4 23. Nxe4 Bd6 24. Ng4 Bxf4 25. gxf4 Rxf4 26. Ng5 Rxg4 27.
Nf3 Rxg2+ 28. Kxg2 Qg4+ 29. Kh1 Qxf3+ 30. Kg1 Qg4+ 31. Kh1 Bd7 32. f3 Bc6 33.
Qa3 Nc4 34. Qd3 Rf8 35. b3 Rxf3 36. Qd8+ Rf8+ 37. Qd5 Rxf1# {muff checkmated}
0-1

[Event "ICS rated blitz match"]
[Site "204.178.125.65"]
[Date "2001.08.06"]
[Round "?"]
[White "VolcanoBoy"]
[Black "Hossa"]
[Result "0-1"]
[WhiteElo "2177"]
[BlackElo "2399"]
[PlyCount "31"]
[EventDate "2001.??.??"]

1. e4 c5 2. Nf3 d6 3. d4 cxd4 4. Qxd4 Nc6 5. Bb5 Bd7 6. Bxc6 Bxc6 7. Nc3 Nf6 8.
Bg5 e6 9. Rd1 Be7 10. O-O O-O 11. Rfe1 Qa5 12. e5 Bxf3 13. exf6 Qxg5 14. g3
Bxf6 15. Qxd6 Bxc3 16. bxc3 {VolcanoBoy resigns} 0-1

[Event "ICS rated blitz match"]
[Site "204.178.125.65"]
[Date "2001.08.06"]
[Round "?"]
[White "Hossa"]
[Black "muff"]
[Result "1-0"]
[WhiteElo "2406"]
[BlackElo "2290"]
[PlyCount "147"]
[EventDate "2001.??.??"]

1. d4 Nf6 2. Nf3 g6 3. Bg5 Bg7 4. c3 d5 5. Nbd2 O-O 6. e3 b6 7. Bd3 Bb7 8. O-O
Nbd7 9. Qe2 Ne4 10. Bh4 Qe8 11. Bxe4 dxe4 12. Ng5 Nf6 13. Nc4 h6 14. Nh3 Nd5
15. Nd2 f5 16. Bg3 e5 17. dxe5 Bxe5 18. Bxe5 Qxe5 19. Nc4 Qe6 20. Na3 a6 21.
Rfd1 Rad8 22. Rd2 Rd6 23. Nc4 Rd7 24. Rad1 Rfd8 25. Qe1 Bc6 26. b3 Bb5 27. Nb2
g5 28. c4 Nxe3 29. Qxe3 Bc6 30. c5 f4 31. Qc3 e3 32. Rxd7 Rxd7 33. Rxd7 Bxd7
34. fxe3 fxe3 35. Nc4 e2 36. Kf2 bxc5 37. Qe5 Qf7+ 38. Kxe2 Bxh3 39. gxh3 Qh5+
40. Kd2 Qxh3 41. Qe8+ Kh7 42. Qe7+ Kg8 43. Qd8+ Kg7 44. Qxc7+ Kg8 45. Ne3 Qe6
46. Qxc5 g4 47. Qd5 Kf7 48. Qxe6+ Kxe6 49. Nxg4 Kf5 50. Nxh6+ Kg6 51. Ng4 Kg5
52. Ne3 Kf4 53. Nd5+ Kf3 54. b4 Ke4 55. Nc7 Ke5 56. Nxa6 Kd6 57. a4 Kc6 58. b5+
Kb7 59. a5 Ka7 60. b6+ Kb7 61. Nc5+ Kc6 62. b7 Kc7 63. a6 Kb8 64. a7+ Kxa7 65.
b8=Q+ Kxb8 66. h4 Kc7 67. h5 Kd8 68. h6 Ke7 69. h7 Kf8 70. h8=Q+ Ke7 71. Qh6
Kf7 72. Qg5 Ke8 73. Qg7 Kd8 74. Qd7# {muff checkmated} 1-0

[Event "ICS rated blitz match"]
[Site "204.178.125.65"]
[Date "2001.08.06"]
[Round "?"]
[White "muff"]
[Black "Hossa"]
[Result "0-1"]
[WhiteElo "2279"]
[BlackElo "2417"]
[PlyCount "52"]
[EventDate "2001.??.??"]

1. d4 Nf6 2. Nf3 g6 3. g3 Bg7 4. Bg2 O-O 5. O-O d6 6. c4 Nc6 7. Nc3 e5 8. d5
Ne7 9. Nd2 c6 10. e4 Bd7 11. h3 Qc7 12. Kh2 cxd5 13. cxd5 Ne8 14. f4 exf4 15.
gxf4 f5 16. Qe2 fxe4 17. Ndxe4 Nf5 18. Be3 Nf6 19. Rad1 Nxe4 20. Nxe4 Bb5 21.
Qxb5 Nxe3 22. Qb4 Nxd1 23. Rxd1 Rxf4 24. Qxd6 Qxd6 25. Nxd6 Be5 26. Nxb7 Rf1# {
muff checkmated} 0-1

[Event "ICS rated blitz match"]
[Site "204.178.125.65"]
[Date "2001.08.06"]
[Round "?"]
[White "Hossa"]
[Black "roo"]
[Result "1-0"]
[WhiteElo "2427"]
[BlackElo "2164"]
[PlyCount "25"]
[EventDate "2001.??.??"]

1. d4 d5 2. Nc3 e6 3. e4 dxe4 4. Nxe4 b6 5. Nf3 Bb7 6. Bb5+ c6 7. Bd3 Nf6 8.
Nxf6+ gxf6 9. O-O Nd7 10. Bf4 f5 11. Re1 Be7 12. Bxf5 exf5 13. Bd6 {roo resigns
} 1-0

[Event "ICS rated blitz match"]
[Site "204.178.125.65"]
[Date "2001.08.06"]
[Round "?"]
[White "RMartin"]
[Black "Hossa"]
[Result "0-1"]
[WhiteElo "2203"]
[BlackElo "2428"]
[PlyCount "68"]
[EventDate "2001.??.??"]

1. d4 Nf6 2. Nf3 g6 3. g3 Bg7 4. Bg2 O-O 5. O-O d6 6. c4 Nc6 7. Nc3 e5 8. d5
Ne7 9. e4 Ne8 10. Ne1 f5 11. f3 fxe4 12. fxe4 Rxf1+ 13. Bxf1 c6 14. Nd3 Nf6 15.
Bg5 cxd5 16. cxd5 h6 17. Bd2 Bd7 18. Rc1 Qb6+ 19. Kh1 Rf8 20. Bg2 Qd4 21. Be1
Ng4 22. Qe2 h5 23. h3 Bh6 24. hxg4 Bxg4 25. Qc2 Bxc1 26. Nxc1 Qc4 27. Qd3 Qc8
28. Bd2 Qd7 29. Bg5 Bf3 30. Kh2 Bxg2 31. Kxg2 Nc8 32. N1e2 Qf7 33. Nc1 Qf2+ 34.
Kh3 Rf3 {RMartin resigns} 0-1

[Event "ICS Rated blitz match"]
[Site "204.178.125.65"]
[Date "2001.08.06"]
[Round "?"]
[White "Hossa"]
[Black "ChesterX"]
[Result "0-1"]
[WhiteElo "2435"]
[BlackElo "2700"]
[PlyCount "121"]
[EventDate "2001.??.??"]

1. d4 d5 2. c4 c6 3. Nf3 Nf6 4. Nc3 g6 5. e3 Bg7 6. cxd5 cxd5 7. Bb5+ Nc6 8.
Ne5 Qd6 9. Bd2 a6 10. Bxc6+ bxc6 11. Na4 Ne4 12. Nd3 e5 13. Bb4 Qb8 14. dxe5
Bxe5 15. Qc2 Bd7 16. f3 Bg7 17. O-O Nd6 18. Bc3 O-O 19. Bxg7 Kxg7 20. Ne5 Be8
21. Nc5 Qc7 22. Rfe1 Qe7 23. Qc3 Qf6 24. a4 Nf5 25. b4 Kg8 26. e4 Ne7 27. Rf1
Qd6 28. Ng4 f6 29. Rac1 h5 30. e5 fxe5 31. Nxe5 Rf5 32. Rfe1 g5 33. Re2 d4 34.
Qc4+ Qd5 35. Re4 Rf4 36. Nxc6 Bxc6 37. Rxe7 Qxc4 38. Rxc4 Bd5 39. Rc2 Bf7 40.
Re5 g4 41. Rg5+ Kh7 42. fxg4 Re8 43. h4 Rxg4 44. Rxg4 hxg4 45. Nxa6 g3 46. Kf1
Bb3 47. Rc7+ Kg8 48. Rc1 d3 49. Nc5 Bc4 50. Nxd3 Bxd3+ 51. Kg1 Re4 52. h5 Rxb4
53. Ra1 Kg7 54. a5 Rb2 55. Re1 Ra2 56. Rd1 Rxa5 57. Re1 Ra2 58. Re7+ Kh6 59.
Re6+ Kxh5 60. Re5+ Kg6 61. Re1 {Hossa resigns} 0-1

[Event "ICS rated blitz match"]
[Site "204.178.125.65"]
[Date "2001.08.06"]
[Round "?"]
[White "Fart"]
[Black "Hossa"]
[Result "0-1"]
[WhiteElo "2269"]
[BlackElo "2429"]
[PlyCount "92"]
[EventDate "2001.??.??"]

1. e4 c5 2. Nf3 d6 3. d4 cxd4 4. Nxd4 e5 5. Nb3 Nf6 6. Nc3 Be7 7. f3 O-O 8. Be3
Be6 9. Qd2 d5 10. exd5 Nxd5 11. Nxd5 Qxd5 12. Qxd5 Bxd5 13. O-O-O Bxb3 14. axb3
Rd8 15. Rxd8+ Bxd8 16. Bc4 Bb6 17. Bxb6 axb6 18. Rd1 Ra1+ 19. Kd2 Rxd1+ 20.
Kxd1 Nc6 21. Bd5 g5 22. c3 Kg7 23. b4 f5 24. b5 Nd8 25. Kd2 Kf6 26. b4 h5 27.
c4 Ke7 28. c5 bxc5 29. bxc5 Ne6 30. c6 bxc6 31. Bxc6 Nd4 32. h4 gxh4 33. f4
Nxc6 34. bxc6 Kd6 35. fxe5+ Kxc6 36. Ke3 Kd5 37. Kf3 h3 38. gxh3 Kxe5 39. Ke3
f4+ 40. Kf3 Kf5 41. Kf2 Ke4 42. Ke2 f3+ 43. Kf2 Kf4 44. Kf1 Ke3 45. Ke1 f2+ 46.
Kf1 h4 {Fart resigns} 0-1

[Event "ICS rated blitz match"]
[Site "204.178.125.65"]
[Date "2001.08.06"]
[Round "?"]
[White "Hossa"]
[Black "Fart"]
[Result "1-0"]
[WhiteElo "2438"]
[BlackElo "2260"]
[PlyCount "75"]
[EventDate "2001.??.??"]

1. e4 e5 2. Nf3 Nc6 3. Bb5 a6 4. Bc4 Nf6 5. Ng5 d5 6. exd5 Nxd5 7. Qf3 Be6 8.
Nxe6 fxe6 9. O-O Qf6 10. Bxd5 exd5 11. Qxd5 Rd8 12. Qc4 Bd6 13. d3 Rd7 14. Be3
Kd8 15. Nc3 Kc8 16. Qg4 h5 17. Qd1 g6 18. Ne4 Qf5 19. a4 Rf8 20. Qd2 Ne7 21.
Bh6 Rf7 22. b4 Nd5 23. Rab1 Nf6 24. Ng5 e4 25. Nxf7 Rxf7 26. dxe4 Nxe4 27. Qd3
Qe5 28. f4 Qf5 29. Rbe1 Nf6 30. Qd4 Ng4 31. Qh8+ Bf8 32. Bxf8 Rxf8 33. Re8+ Kd7
34. Rxf8 Qxc2 35. Rd8+ Kc6 36. Qe8+ Kb6 37. a5+ Ka7 38. Ra8# {Fart checkmated}
1-0

[Event "ICS rated blitz match"]
[Site "204.178.125.65"]
[Date "2001.08.06"]
[Round "?"]
[White "Fart"]
[Black "Hossa"]
[Result "0-1"]
[WhiteElo "2252"]
[BlackElo "2446"]
[PlyCount "118"]
[EventDate "2001.??.??"]

1. d4 Nf6 2. c4 e6 3. Nf3 b6 4. g3 Bb4+ 5. Bd2 Bxd2+ 6. Qxd2 Ba6 7. b3 Ne4 8.
Qc2 d5 9. Bg2 Nd7 10. O-O c5 11. cxd5 exd5 12. Re1 Rc8 13. Qb2 O-O 14. Nbd2 Qe7
15. Nxe4 dxe4 16. Ne5 cxd4 17. Nxd7 Qxd7 18. Bxe4 Rfe8 19. Bd3 Bb7 20. Rac1 Qd5
21. f3 Qg5 22. Rxc8 Qe3+ 23. Kg2 Rxc8 24. Qb1 g6 25. Be4 Bxe4 26. Qxe4 Qxe4 27.
fxe4 Rc2 28. a4 Rb2 29. Rd1 Rxe2+ 30. Kf3 Re3+ 31. Kf4 Rxb3 32. Rxd4 Ra3 33. h4
h5 34. g4 hxg4 35. Kxg4 Kg7 36. e5 Rc3 37. Kg5 a6 38. Rd6 Rg3+ 39. Kf4 Rb3 40.
Rd7 Rb4+ 41. Kg5 Re4 42. Rd5 Rxa4 43. Rd7 Re4 44. Rd5 Rxe5+ 45. Rxe5 f6+ 46.
Kf4 fxe5+ 47. Kxe5 g5 48. hxg5 Kg6 49. Kf4 a5 50. Ke4 Kxg5 51. Kd4 b5 52. Kc5
a4 53. Kb4 Kf6 54. Ka3 Ke6 55. Kb4 Kd5 56. Ka3 Kc4 57. Kb2 b4 58. Ka2 Kc3 59.
Kb1 a3 {Fart resigns} 0-1

[Event "ICS rated blitz match"]
[Site "204.178.125.65"]
[Date "2001.08.06"]
[Round "?"]
[White "Hossa"]
[Black "Fart"]
[Result "1-0"]
[WhiteElo "2454"]
[BlackElo "2244"]
[PlyCount "83"]
[EventDate "2001.??.??"]

1. e4 e5 2. Nf3 Nc6 3. Bb5 a6 4. Ba4 Nf6 5. O-O Nxe4 6. d4 b5 7. Bb3 exd4 8.
Nxd4 Ne7 9. Bxf7+ Kxf7 10. Qf3+ Ke8 11. Qxe4 d5 12. Qe5 c5 13. Nc6 Qb6 14. Nxe7
Bxe7 15. Re1 Ra7 16. Qxg7 Rf8 17. Bg5 Rf7 18. Qg8+ Rf8 19. Qxd5 c4 20. Be3 Qb7
21. Qh5+ Kd8 22. Bxa7 Qxa7 23. Re2 Bf5 24. Nc3 Qc5 25. Rd1+ Kc8 26. Rd5 Qxd5
27. Nxd5 Bc5 28. Re8+ Rxe8 29. Qxe8+ Kb7 30. Qf7+ Kc6 31. Qxf5 Bd6 32. Nf6 a5
33. Qd5+ Kc7 34. Ne8+ Kd7 35. Nxd6 b4 36. Ne4+ Ke7 37. Qd6+ Kf7 38. Qd7+ Kg6
39. Qe6+ Kg7 40. Qe7+ Kg6 41. Qf6+ Kh5 42. Qg5# {Fart checkmated} 1-0

[Event "ICS Rated blitz match"]
[Site "204.178.125.65"]
[Date "2001.08.06"]
[Round "?"]
[White "Fart"]
[Black "Hossa"]
[Result "0-1"]
[WhiteElo "2237"]
[BlackElo "2461"]
[PlyCount "72"]
[EventDate "2001.??.??"]

1. d4 Nf6 2. c4 e6 3. Nc3 Bb4 4. e3 O-O 5. Bd3 c5 6. Nge2 d5 7. O-O cxd4 8.
exd4 dxc4 9. Bxc4 Bd7 10. a3 Bd6 11. Ng3 Qe7 12. d5 Rc8 13. dxe6 Bxe6 14. Bxe6
fxe6 15. Nce4 Nxe4 16. Nxe4 Bxh2+ 17. Kxh2 Qh4+ 18. Kg1 Qxe4 19. Re1 Qd5 20.
Bf4 Nc6 21. Qg4 Rf8 22. Bg3 Qf5 23. Qc4 Rf6 24. Rad1 Raf8 25. Rd7 Rh6 26. Rxb7
Na5 27. Qc7 Nxb7 28. Qxb7 Qh5 29. f3 Rg6 30. Kf2 Qc5+ 31. Kf1 Rxg3 32. Qe4 Rg6
33. Qe5 Rxf3+ 34. gxf3 Rg1+ 35. Ke2 Qc2+ 36. Ke3 Rxe1+ {Fart resigns} 0-1

[Event "ICS Rated blitz match"]
[Site "204.178.125.65"]
[Date "2001.08.06"]
[Round "?"]
[White "Hossa"]
[Black "Fart"]
[Result "1-0"]
[WhiteElo "2468"]
[BlackElo "2230"]
[PlyCount "95"]
[EventDate "2001.??.??"]

1. e4 c5 2. Nf3 d6 3. d4 cxd4 4. c3 dxc3 5. Nxc3 e6 6. Bb5+ Bd7 7. O-O Nc6 8.
Bf4 e5 9. Bg5 Be7 10. Bxe7 Qxe7 11. Qd2 Nf6 12. Rfd1 a6 13. Ba4 O-O 14. Qxd6
Qxd6 15. Rxd6 Be8 16. Bb3 Rd8 17. Rxd8 Nxd8 18. Nxe5 b5 19. Rd1 Nc6 20. Nxc6
Bxc6 21. e5 Ne4 22. Nxe4 Bxe4 23. Rd6 Ra8 24. e6 fxe6 25. Rxe6 Kf8 26. Rxe4 Rd8
27. Rf4+ Ke7 28. Rf7+ Ke8 29. Rxg7 Rd2 30. Rxh7 Rxb2 31. g4 Rb1+ 32. Kg2 Re1
33. h4 a5 34. f4 a4 35. Bd5 Re2+ 36. Kf3 b4 37. Kxe2 b3 38. axb3 a3 39. Ra7 a2
40. Ke3 a1=Q 41. Rxa1 Kd7 42. Ra7+ Kd6 43. Ke4 Kc5 44. Ke5 Kb4 45. Kd4 Kb5 46.
Rb7+ Ka6 47. Kc5 Ka5 48. Ra7# {Fart checkmated} 1-0

[Event "ICS rated blitz match"]
[Site "204.178.125.65"]
[Date "2001.08.06"]
[Round "?"]
[White "ChesterX"]
[Black "Hossa"]
[Result "1-0"]
[WhiteElo "2706"]
[BlackElo "2474"]
[PlyCount "96"]
[EventDate "2001.??.??"]

1. c4 Nf6 2. Nc3 c5 3. Nf3 e6 4. g3 b6 5. Bg2 Bb7 6. O-O Be7 7. Re1 O-O 8. e4
Nc6 9. e5 Ne8 10. d4 Nxd4 11. Nxd4 Bxg2 12. Kxg2 cxd4 13. Qxd4 Bc5 14. Qd3 f6
15. Be3 fxe5 16. Bxc5 bxc5 17. Rxe5 Qe7 18. Rae1 Nf6 19. Nd5 Nxd5 20. cxd5 Rab8
21. Qa3 Qf7 22. R1e2 exd5 23. Qxc5 d6 24. Qxd6 Qf3+ 25. Kg1 Rbd8 26. Qe6+ Kh8
27. Qc6 a6 28. R5e3 Qf5 29. Qxa6 d4 30. Rd3 Qh5 31. Rdd2 Qd5 32. b3 Rd6 33. Qd3
Qc6 34. Rc2 Qb7 35. Re4 Qd7 36. a4 g6 37. a5 Rd5 38. b4 Qf5 39. a6 Kg8 40. Rb2
Rc8 41. b5 Rc1+ 42. Kg2 Qd7 43. b6 Rc3 44. b7 Rxd3 45. b8=Q+ Qd8 46. Re8+ Kg7
47. Rxd8 Rxd8 48. Rb7+ Rd7 {Hossa resigns} 1-0

[Event "ICS Rated blitz match"]
[Site "204.178.125.65"]
[Date "2001.08.06"]
[Round "?"]
[White "Hossa"]
[Black "ChesterX"]
[Result "0-1"]
[WhiteElo "2467"]
[BlackElo "2713"]
[PlyCount "67"]
[EventDate "2001.??.??"]

1. d4 Nf6 2. c4 g6 3. g3 Bg7 4. Bg2 d5 5. cxd5 Nxd5 6. Nc3 Nxc3 7. bxc3 O-O 8.
Nf3 c5 9. O-O Nc6 10. Bb2 cxd4 11. cxd4 Be6 12. Qd2 Bd5 13. Bc3 Bxf3 14. Bxf3
Bxd4 15. Bxc6 Bxc3 16. Qxc3 Qc7 17. Rac1 Rac8 18. Qe3 bxc6 19. Rc4 Rfd8 20. Ra4
c5 21. Re4 e6 22. Rh4 e5 23. Qh6 f6 24. Ra4 c4 25. Rb1 c3 26. Rf1 c2 27. Qc1
Rb8 28. Qa1 Qd7 29. Ra6 Qd1 30. Qxd1 Rxd1 31. Rc6 Rxf1+ 32. Kxf1 Rb1+ 33. Kg2
c1=Q 34. Rxc1 {Hossa resigns} 0-1